000 00710nam a2200241Ia 4500
003 OSt
005 20220926022610.0
006 a|||||r|||| 00| 0
007 ta
008 220923b |||||||| |||| 00| 0 eng d
037 _cGeneral Book
040 _aRTL
_cRTL
_beng
041 _2eng
_aeng
082 _aX9(J3)p1,N74, L4/UN
110 _aWorld Food Conference (Rome (1974))
_9328057
245 0 _aReport of the World food conference
260 _aNew York
_bUnited Nations USA
_c1975
300 _av, 64p.
_ccm.
650 _aFood Industry
700 _aWorld Food Conference (Rome (1974))
_9328058
942 _hX9(J3)p1,N74, L4/UN
_cGB
_2CC
999 _c639869
_d639869